| 000 | 00631cam a22002051 4500 | ||
|---|---|---|---|
| 001 | ca 36000094 | ||
| 003 | DLC | ||
| 005 | 20260227111139.0 | ||
| 008 | 881114s1936 mau 000 0 eng | ||
| 010 | _aca 36000094 | ||
| 035 | _a(OCoLC)18757307 | ||
| 040 |
_aDLC _cRPB _dDLC |
||
| 050 | 0 | 0 |
_aPS3501.L477 _bH4 1936 |
| 082 | _a812.5 | ||
| 100 | 1 |
_aAllan, Dorothy C. _q(Dorothy Carter), _d1896-1974. |
|
| 245 | 1 | 0 |
_aHello, trouble; _ba comedy in two acts, _cby Dorothy C. Allan ... |
| 260 |
_aBoston, Mass., _aLos Angeles, Cal. _b[Walter H. Baker Company, _cc1936] |
||
| 300 |
_a42 p. _c19 cm. |
||
| 490 | 0 | _aBaker's plays for amateurs | |
| 999 |
_c17978 _d17978 |
||